| 000 | 02897cam a2200721 i 4500 | ||
|---|---|---|---|
| 001 | ocn869460708 | ||
| 003 | OCoLC | ||
| 005 | 20220701010829.0 | ||
| 006 | m o d | ||
| 007 | cr ||||||||||| | ||
| 008 | 140128s2014 si ob 001 0 eng | ||
| 010 | _a 2014003756 | ||
| 040 |
_aDLC _beng _erda _epn _cDLC _dN$T _dE7B _dYDXCP _dCOO _dIDEBK _dCDX _dDG1 _dRECBK _dCUS _dIEEEE _dOCLCF _dTEFOD _dOCLCQ _dTEFOD _dDEBBG _dDEBSZ |
||
| 019 |
_a878111211 _a904584512 _a961651254 _a962633050 |
||
| 020 |
_a9780470828328 _q(ePub) |
||
| 020 |
_a0470828323 _q(ePub) |
||
| 020 |
_a9780470824047 _q(Adobe PDF) |
||
| 020 |
_a0470824042 _q(Adobe PDF) |
||
| 020 | _a0470824034 | ||
| 020 | _a9780470824030 | ||
| 020 | _a9780470824054 | ||
| 020 | _a0470824050 | ||
| 020 | _a1306684943 | ||
| 020 | _a9781306684941 | ||
| 020 |
_z9780470824030 _q(cloth : _qalk. paper) |
||
| 029 | 1 |
_aAU@ _b000052497086 |
|
| 029 | 1 |
_aCHBIS _b010259595 |
|
| 029 | 1 |
_aCHVBK _b325943141 |
|
| 029 | 1 |
_aNLGGC _b375066624 |
|
| 029 | 1 |
_aNZ1 _b15581246 |
|
| 029 | 1 |
_aNZ1 _b15906838 |
|
| 029 | 1 |
_aDEBBG _bBV042989598 |
|
| 029 | 1 |
_aDEBSZ _b475024885 |
|
| 029 | 1 |
_aDEBBG _bBV043396509 |
|
| 035 |
_a(OCoLC)869460708 _z(OCoLC)878111211 _z(OCoLC)904584512 _z(OCoLC)961651254 _z(OCoLC)962633050 |
||
| 037 |
_a599745 _bMIL |
||
| 037 |
_a6733DBF0-BEB5-45ED-BD46-7D266259867F _bOverDrive, Inc. _nhttp://www.overdrive.com |
||
| 042 | _apcc | ||
| 050 | 0 | 0 | _aTK7872.C8 |
| 072 | 7 |
_aTEC _x009070 _2bisacsh |
|
| 082 | 0 | 0 |
_a621.31/4 _223 |
| 049 | _aMAIN | ||
| 100 | 1 |
_aSharkh, S. M. _q(Suleiman M.) |
|
| 245 | 1 | 0 |
_aPower electronic converters for microgrid / _cS.M. Sharkh, University of Southhampton, United Kingdom, M.A. Abusara, University of Exeter, United Kingdom, G.I. Orfanoudakis, University of Southampton, United Kingdom, B. Hussain, Pakistan Institute of Engineering and applied Sciences, Pakistan. |
| 264 | 1 |
_aSingapore : _bIEEE/Wiley, _c2014. |
|
| 300 | _a1 online resource. | ||
| 336 |
_atext _btxt _2rdacontent |
||
| 337 |
_acomputer _bc _2rdamedia |
||
| 338 |
_aonline resource _bcr _2rdacarrier |
||
| 504 | _aIncludes bibliographical references and index. | ||
| 588 | 0 | _aPrint version record and CIP data provided by publisher. | |
| 650 | 0 | _aElectric current converters. | |
| 650 | 0 |
_aSmall power production facilities _xEquipment and supplies. |
|
| 650 | 7 |
_aTECHNOLOGY & ENGINEERING _xMechanical. _2bisacsh |
|
| 650 | 7 |
_aElectric current converters. _2fast _0(OCoLC)fst00904633 |
|
| 655 | 4 | _aElectronic books. | |
| 700 | 1 |
_aAbusara, M. A. _q(Mohammad A.) |
|
| 700 | 1 |
_aOrfanoudakis, G. I. _q(Georgios I.) |
|
| 700 | 1 | _aHussain, B. | |
| 776 | 0 | 8 |
_iPrint version: _aSharkh, S.M. (Suleiman M.). _tPower electronic converters for microgrid. _dSingapore : John Wiley & Sons, Inc., 2014 _z9780470824030 _w(DLC) 2013046032 |
| 856 | 4 | 0 |
_uhttp://dx.doi.org/10.1002/9780470824054 _zWiley Online Library |
| 994 |
_a92 _bDG1 |
||
| 999 |
_c18684 _d18643 |
||